| 000 | 00422cam a22001697 4500 | ||
|---|---|---|---|
| 001 | ltf90003137 | ||
| 003 | DLC | ||
| 005 | 20260227111550.0 | ||
| 008 | 901025s1929 ii 000 0 eng | ||
| 010 | _altf90003137 | ||
| 040 |
_aDLC _cDLC _dDLC |
||
| 050 | 0 | 0 | _a4BJ 359 |
| 100 | 1 | _aKrause, Charlotte. | |
| 245 | 1 | 3 | _aAn interpretation of Jain ethics. |
| 260 |
_aBhavnagar (Kathiawar) _bP. Ved, _c1929. |
||
| 300 | _a37 p. | ||
| 999 |
_c37321 _d37321 |
||